00871cam a2200253 i 450000100060000000300080000600500170001400800410003102000150007202000220008703500190010904000340012804100080016208200200017010000280019024500890021826000480030730000340035550400390038965000320042894200120046099900170047295201280048911025BD-RjUL20211208235046.0140126s1980 nyua b 001 0 eng d a0195025563 a0195025571 (pbk.) a(BD-RjUL)11074 aDLCcDLCdDLCd(BD-RjUL)beng aeng00a573.3bWEP 19801 aWenke, Robert J.93406910aPatterns in prehistory :bmankind's first three million years /cby Robert J. Wenke. aNew York :bOxford University Press,c1980. axii, 724 p. :bill. ;c24 cm. aIncludes bibliographies and index. 0aPrehistoric peoples.934070 2ddccBK c11025d11025 00102ddc40708NFICaRUCLbRUCLcStackd2009-03-05eR.U.C.L.l0o573.3 WEP 1980r2014-01-26 00:00:00tC-2w2021-12-08yBK